header

Anti-racism (Record no. 225952)

MARC details
000 -LEADER
fixed length control field 01322nam a22003854a 4500
082 04 - DEWEY DECIMAL CLASSIFICATION NUMBER
Classification number 305.8
100 1# - MAIN ENTRY--AUTHOR NAME
Personal name Bonnett, Alastair,
245 10 - TITLE STATEMENT
Title Anti-racism
260 ## - PUBLICATION, DISTRIBUTION, ETC. (IMPRINT)
Place of publication London ;
-- New York :
Name of publisher Routledge,
Year of publication 2000.
300 ## - PHYSICAL DESCRIPTION
Number of Pages vi, 193 p.
490 1# - SERIES STATEMENT
Series statement Key ideas
650 #0 - SUBJECT ADDED ENTRY--TOPICAL TERM
Topical Term Racism.
Topical Term Race relations.
Topical Term Race awareness.
Topical Term Cultural pluralism.
Topical Term Equality.
Topical Term Multicultural education.
856 40 - ELECTRONIC LOCATION AND ACCESS
Uniform Resource Identifier http://site.ebrary.com/lib/rucke/Doc?id=2004077

No items available.

© 2026 Rongo University
Contact us: librarian | system librarian | Rongo university